000 00487nam a22001811a 4500
001 2042
003 OSt
005 20260204211757.0
008 040123s2003||||dr ||||||b||||||||||spa||
050 _aRD 394.25 G943c
082 _aRD 394.25 G943c
100 _aGüigni, Jorge N.
245 _aCarnaval popular de San Cristobal: Una historia para contar
264 _aSanto Domingo : Mediabyte
300 _a110 p.
650 _a1.Carnavales 2.Folklore 3.CostumbresÌ
942 _2ddc
_cBK
999 _c2042
_d2042